000 00596nab#a2200217#c#4500
999 _c122328
_d122328
003 IEF
005 20191205174441.0
008 950704s1976 uuu|| #####0 b| |u
040 _aIEF
_cES-MaIEF
100 1 _aKoebner, Richard
_923981
245 _aAdam Smith y la Revolución Industrial
_c R. Koebner
260 _c1976
500 _aBibliografía
650 4 _aHOMENAJES
_945439
650 4 _aSMITH, ADAM (1723-1790)
_948447
650 4 _aREVOLUCION INDUSTRIAL
_948297
773 0 _tHacienda pública española
_w34570
_g40, p. 243-252
942 _2udc
942 _2udc